Bien común y enemigo público.

Spremljeno u:
Bibliografski detalji
Glavni autor: Ors, Álvaro d' (autor)
Format: Knjiga
Izdano: Madrid, España: Marcial Pons, Ediciones Jurídicas y Sociales, S.A., 2002
Serija:Prudentia iuris.
Teme:
Oznake: Dodaj oznaku
Bez oznaka, Budi prvi tko označuje ovaj zapis!

MARC

LEADER 00000nam a2200000 a 4500
001 UCY7393
003 CL-VaPUC
005 20240820124907.0
008 220701t2002 ||||| |||| 00| 0 eng d
020 |a 84-7248-945-0 
040 |c Pontificia Universidad Católica de Valparaíso 
082 7 |a 340.115 ORS 2002  |2 22 
100 |a Ors, Álvaro d'  |e autor  |9 878430 
245 1 4 |a Bien común y enemigo público. 
260 |a Madrid, España:  |b Marcial Pons, Ediciones Jurídicas y Sociales, S.A.,  |c 2002 
300 |a 102 páginas.  
490 |a Prudentia iuris.  
500 |a c.1 Donación Familia Prof. Alejandro Guzmán Brito. 
583 |a last modification  |c 19950614 00:00:00  |k Cristina María Rojas Aguilar 
650 |a Bien común  |9 346393 
650 |a Filosofía del derecho  |9 872053 
942 |c BK  |2 ddc  |n 0 
999 |c 436587  |d 436585 
952 |0 0  |1 0  |2 ddc  |4 0  |6 340_115000000000000_ORS_2002  |7 1  |8 C_AGB  |9 584262  |a BIBDER  |b BIBDER  |d 2022-07-01  |e Donación   |i 5652400  |o 340.115 ORS 2002  |p 5652400  |r 2023-10-17  |t 1  |w 2022-07-01  |y BK_US  |k AGB